| 000 | 00729nas a2200229 4500 | ||
|---|---|---|---|
| 001 | BR9501355 | ||
| 003 | BR-BrBNA | ||
| 005 | 20231205094322.0 | ||
| 007 | ta | ||
| 008 | 230509b bl.|||p| |||| 00| 00por d | ||
| 040 |
_aBR-BrBNA _bpor _cBiblioteca Nacional de Agricultura |
||
| 041 | _a(En) | ||
| 072 | _aH20 | ||
| 100 | 1 | _aCamara, M.P.S. | |
| 100 | 1 | _aDianese, J.C. | |
| 245 | 1 | _aThyriopsis sphaerospora on leaves of eucalyptus sp. in Brasilia-Distrito Federal, a new record for Brazil | |
| 650 | _aEucalipto | ||
| 650 | _aDistrito Federal | ||
| 773 | 0 |
_tFitopatologia Brasileira (Brazil) _xISSN 0100-4158 _g(Mar 1994), v. 19(1) p. 106-108 _wBR9501355 |
|
| 909 |
_a202311 _bLúcia _c55 _dLúcia Elande |
||
| 942 |
_2AGRIS _n0 _cANA |
||
| 999 |
_c143551 _d143551 |
||